LIBRARY & INFORMATION CENTRE, KCAET, TAVANUR

ONLINE PUBLIC ACCESS CATALOGUE (OPAC)

Directory of Tunnels in India / (Record no. 709)

MARC details
000 -LEADER
fixed length control field 00428cam a2200169ua 4500
041 ## - LANGUAGE CODE
Language code of text/sound track or separate title eng
082 ## - DEWEY DECIMAL CLASSIFICATION NUMBER
Classification number 028.7662
Item number VAR/DI
100 ## - MAIN ENTRY--AUTHOR NAME
Personal name Varma, C.V.J .
245 00 - TITLE STATEMENT
Title Directory of Tunnels in India /
260 ## - PUBLICATION, DISTRIBUTION, ETC. (IMPRINT)
Place of publication :
Name of publisher Central Board of Irrigation & power ,
Year of publication 1997.
300 ## - PHYSICAL DESCRIPTION
Number of Pages 521 ; .
700 1# - ADDED ENTRY--PERSONAL NAME
Personal name Rao, A.R.G .
700 1# - ADDED ENTRY--PERSONAL NAME
Personal name T, .
942 ## - ADDED ENTRY ELEMENTS (KOHA)
Koha item type Books
Holdings
Withdrawn status Lost status Damaged status Home library Current library Date acquired Full call number Accession Number Koha item type
      KAUAET KAUAET 07/04/2012 028.7662 20241 Reference
free website counter